| 000 | 00489nam a2200193 a 4500 | ||
|---|---|---|---|
| 001 | 1771067063497 | ||
| 003 | YourLibrary | ||
| 005 | 20260214163805.0 | ||
| 008 | 260214s2005##################000#0#eng## | ||
| 020 | _a9781412919104 | ||
| 082 | 0 | 4 |
_a306.70875 _bEDM |
| 100 | 1 |
_aEdmonds, Genevieve, _eauthor. |
|
| 245 | 1 | 0 | _aThe Asperger Love Guide : |
| 260 |
_bSAGE, _c2005. |
||
| 300 | _a100 pages | ||
| 650 | 0 | _aEducation. | |
| 942 | _cENGLISH | ||
| 040 |
_aYourLibrary _beng _cYourLibrary |
||
| 999 |
_c612532 _d612532 |
||